Kabale University Library Catalogue

How Europe Underdeveloped Africa / (Record no. 704)

MARC details
000 -LEADER
fixed length control field 00992cam a2200277 a 4500
003 - CONTROL NUMBER IDENTIFIER
control field OSt
005 - DATE AND TIME OF LATEST TRANSACTION
control field 20200605120142.0
008 - FIXED-LENGTH DATA ELEMENTS--GENERAL INFORMATION
fixed length control field 870520t19811972dcu b 001 0 eng
010 ## - LIBRARY OF CONGRESS CONTROL NUMBER
LC control number
020 ## - INTERNATIONAL STANDARD BOOK NUMBER
International Standard Book Number 9789966251138
040 ## - CATALOGING SOURCE
Original cataloging agency KABLIB
Transcribing agency KABLIB
Modifying agency KABLIB
082 ## - DEWEY DECIMAL CLASSIFICATION NUMBER
Edition number 23
Classification number 330.96
Item number ROD
100 1# - MAIN ENTRY--PERSONAL NAME
Personal name Rodney, Walter.
9 (RLIN) 2281
245 10 - TITLE STATEMENT
Title How Europe Underdeveloped Africa /
Statement of responsibility, etc. Walter Rodney with a postscript by A.M. Babu, introduction by Vicent Harding.
250 ## - EDITION STATEMENT
Edition statement Rev. ed.
260 ## - PUBLICATION, DISTRIBUTION, ETC.
Place of publication, distribution, etc. Nairobi, kampala, Dar es Salaam, Kigali, Lilongwe, Lusaka :
Name of publisher, distributor, etc. E.A.E.P.;
Date of publication, distribution, etc. c1972.
300 ## - PHYSICAL DESCRIPTION
Extent xxiv, 292 p. ;
Dimensions 23 cm.
500 ## - GENERAL NOTE
General note Includes index.
504 ## - BIBLIOGRAPHY, ETC. NOTE
Bibliography, etc. note Includes bibliographies.
651 #0 - SUBJECT ADDED ENTRY--GEOGRAPHIC NAME
Geographic name Africa
General subdivision Economic conditions.
9 (RLIN) 2282
651 #0 - SUBJECT ADDED ENTRY--GEOGRAPHIC NAME
Geographic name Africa
General subdivision Colonial influence.
9 (RLIN) 2283
651 #0 - SUBJECT ADDED ENTRY--GEOGRAPHIC NAME
Geographic name Europe
General subdivision Foreign economic relations
Geographic subdivision Africa.
9 (RLIN) 2284
651 #0 - SUBJECT ADDED ENTRY--GEOGRAPHIC NAME
Geographic name Africa
General subdivision Foreign economic relations
Geographic subdivision Europe.
9 (RLIN) 2285
651 #0 - SUBJECT ADDED ENTRY--GEOGRAPHIC NAME
Geographic name Europe
General subdivision Colonies
Geographic subdivision Africa
General subdivision Economic policy.
9 (RLIN) 2286
942 ## - ADDED ENTRY ELEMENTS (KOHA)
Source of classification or shelving scheme Dewey Decimal Classification
Koha item type Book
Holdings
Withdrawn status Lost status Source of classification or shelving scheme Damaged status Not for loan Home library Current library Shelving location Date acquired Total Checkouts Full call number Barcode Date last seen Price effective from Koha item type
    Dewey Decimal Classification     Education Library Education Library Reserve Section 05.06.2020   330.96 ROD 4697 05.06.2020 05.06.2020 Book
    Dewey Decimal Classification     Education Library Education Library Reserve Section 10.11.2020   330.96 ROD 4696 10.11.2020 10.11.2020 Book
    Dewey Decimal Classification     Education Library Education Library Open Access Section 10.11.2020   330.96 ROD 4698 10.11.2020 10.11.2020 Book

Kabale University Library | Kabale University P.O Box 317, Kabale, Uganda
Tel : +256754017033, +256774661503 E-mail : library@kab.ac.ug